Most FPL Points by a Player 2024/25 - Statistics

General Stats
  • This quiz has been taken 29 times
  • The average score is 24 of 30
Answer Stats
Rk Team Pos Pts Answer % Correct
4 Newcastle United FWD 211 Alexander Isak
100%
3 Chelsea MID 214 Cole Palmer
100%
10 Manchester City FWD 181 Erling Haaland
100%
1 Liverpool MID 344 Mohamed Salah
100%
12 Manchester United MID 174 Bruno Fernandes
96%
5 Nottingham Forest FWD 200 Chris Wood
96%
7 Aston Villa FWD 186 Ollie Watkins
96%
6 West Ham United MID 193 Jarrod Bowen
92%
2 Brentford MID 236 Bryan Mbeumo
88%
17 Everton GKP 158 Jordan Pickford
88%
11 Wolves FWD 178 Matheus Cunha
88%
14 Aston Villa MID 161 Morgan Rogers
88%
13 Bournemouth MID 165 Antoine Semenyo
84%
20 Manchester City DEF 153 Josko Gvardiol
84%
9 Liverpool MID 183 Luis Diaz
84%
28 Liverpool DEF 148 Trent Alexander-Arnold
84%
23 Crystal Palace FWD 150 Jean-Philippe Mateta
80%
8 Brentford FWD 185 Yoane Wissa
80%
27 Crystal Palace MID 148 Eberechi Eze
76%
30 Brighton MID 145 Kaoru Mitoma
76%
29 Fulham FWD 147 Raul Jimenez
76%
24 Nottingham Forest GKP 150 Matz Sels
72%
19 Nottingham Forest MID 154 Morgan Gibbs-White
64%
26 Crystal Palace MID 149 Ismaila Sarr
60%
16 Bournemouth MID 158 Justin Kluivert
60%
15 Newcastle United MID 159 Jacob Murphy
56%
25 Brentford MID 149 Kevin Schade
56%
22 Arsenal MID 152 Leandro Trossard
56%
18 Fulham MID 156 Alex Iwobi
44%
21 Nottingham Forest MID 153 Anthony Elanga
44%
No matching quizzes found
Score Distribution
Percent of People with Each Score
Percentile by Number Answered
Your Score History
You have not taken this quiz